000 00535nam a2200181Ia 4500
005 20250326124609.0
008 250326s9999 xx 000 0 und d
037 _aTextbook
040 _aFMSL
_beng
_cFMSL
041 _aeng
_2eng
084 _aX:8 L94
_qFMSL
100 _aNewman W H
_9385904
245 0 _aProcess of management: concepts, behavior, and practice
_cNewman W H; Warren E K
260 _aNew Delhi
_bNew Delhi, Prentice-Hall
_c1979
300 _a670p
942 _cTB
_hX:8 L94
999 _c1274322
_d1274322